00529nam a22001697a 450000500170000001000150001702000260003203500140005803700090007208200090008110000270009024500860011725000060020326000480020927000820025730000200033920240823152622.0 aENG-141438 a9788196332921c495.00 aEN-124970 bDBAD aN21 aVerma, Raj Gopal Singh aBegum Samru:bA Reign of Romance, Royalty and Restrain/cBy Raj Gopal Singh Verma a1 aNew DelhibVitasta Publishing Pvt Ltdc2024 a2/15, Ansari Road, Daryaganj,bNew Delhi e110002minfo@vitastapublishing.com a328p.c21cm(pb)